Química. La ciencia central
Saved in:
| Main Authors: | , , , , |
|---|---|
| Format: | Bog |
| Sprog: | spansk |
| Udgivet: |
Cuernavaca, México:
Pearson Educación,
2014.
|
| Udgivelse: | Decimosegunda edición. |
| Fag: | |
| Online adgang: | Disponible Online |
| Tags: |
Tilføj Tag
Ingen Tags, Vær først til at tagge denne postø!
|
MARC
| LEADER | 00000cam a2200000 a 4500 | ||
|---|---|---|---|
| 001 | UCE2354 | ||
| 003 | CL-VaPUC | ||
| 005 | 20221216142003.0 | ||
| 008 | 140626e20140000mx |||||||||||||||||spa|d | ||
| 999 | |c 355974 |d 355972 | ||
| 020 | |a 9786073222372 | ||
| 040 | |c Pontificia Universidad Católica de Valparaíso | ||
| 082 | 0 | 4 | |a 540 BRO 2014 |2 21 |
| 100 | |a Brown, Theodore L |e autor |9 298232 | ||
| 245 | 1 | 0 | |a Química. |b La ciencia central |
| 250 | |a Decimosegunda edición. | ||
| 260 | |a Cuernavaca, México: |b Pearson Educación, |c 2014. | ||
| 300 | |a 1063 páginas | ||
| 583 | |a last modification |c 20190322 01:40:16 |k Rodrigo Vera | ||
| 650 | 0 | |a Química |9 259896 | |
| 650 | 0 | |a Equilibrio químico |9 259943 | |
| 650 | 0 | |a Estructura atómica |9 259944 | |
| 700 | 0 | |a LeMay, H., Eugene |e author |9 574811 | |
| 700 | 0 | |a Bursten, Bruce E |e author |9 574812 | |
| 700 | 0 | |a Murphy, Catherine J |e author |9 574813 | |
| 700 | 0 | |a Woodward, Patrick M |e author |9 574814 | |
| 856 | |u http://bibliografiadigital.pucv.cl.pucv.idm.oclc.org/index.php/bibliotecapucv/catalog/book/448 |y Disponible Online | ||
| 942 | |c BK |2 ddc | ||
| 945 | |d 20140626 14:24:00 |a dcastane | ||
| 952 | |0 0 |1 0 |3 erb |4 0 |6 540_000000000000000_BRO_2014 |7 0 |8 R |9 463019 |a BIBAGR |b BIBAGR |i 5086515 |o 540 BRO 2014 |p 5086515 |r 2025-01-20 |w 2019-11-23 |y BK_R |z Catalogado en:20140626 |k AGR | ||
| 952 | |0 0 |1 0 |3 erb |4 0 |6 540_000000000000000_BRO_2014 |7 0 |8 R |9 463020 |a BIBAGR |b BIBAGR |i 5086523 |o 540 BRO 2014 |p 5086523 |r 2025-01-20 |w 2019-11-23 |y BK_R |z Catalogado en:20140626 |k AGR | ||
| 952 | |0 0 |1 0 |3 erb |4 0 |6 540_000000000000000_BRO_2014 |7 0 |8 R |9 463021 |a BIBAGR |b BIBAGR |i 5086531 |o 540 BRO 2014 |p 5086531 |r 2025-01-20 |w 2019-11-23 |y BK_R |z Catalogado en:20140626 |k AGR | ||
| 952 | |0 0 |1 0 |3 erb |4 0 |6 540_000000000000000_BRO_2014 |7 0 |8 R |9 463022 |a BIBAGR |b BIBAGR |i 508654K |o 540 BRO 2014 |p 508654K |r 2025-01-20 |w 2019-11-23 |y BK_R |z Catalogado en:20140626 |k AGR | ||
| 952 | |0 0 |1 0 |3 erb |4 0 |6 540_000000000000000_BRO_2014 |7 0 |8 R |9 463023 |a BIBAGR |b BIBAGR |i 5086558 |o 540 BRO 2014 |p 5086558 |r 2025-01-20 |w 2019-11-23 |y BK_R |z Catalogado en:20140626 |k AGR | ||
| 952 | |0 0 |1 0 |3 erb |4 0 |6 540_000000000000000_BRO_2014 |7 0 |8 R |9 463024 |a BIBAGR |b BIBAGR |i 5086566 |o 540 BRO 2014 |p 5086566 |r 2025-01-20 |w 2019-11-23 |y BK_R |z Catalogado en:20140626 |k AGR | ||
| 952 | |0 0 |1 0 |3 erb |4 0 |6 540_000000000000000_BRO_2014 |7 0 |8 A |9 463025 |a BIBING |b BIBING |i 5419107 |l 2 |m 2 |o 540 BRO 2014 |p 5419107 |r 2025-01-20 |s 2023-12-05 |w 2019-11-23 |y BK |z Catalogado en:20170825 |k EIQ | ||
| 952 | |0 0 |1 0 |3 erb |4 0 |6 540_000000000000000_BRO_2014 |7 0 |8 A |9 463026 |a BIBING |b BIBING |i 5540062 |l 2 |m 2 |o 540 BRO 2014 |p 5540062 |r 2025-04-02 |s 2025-03-11 |w 2019-11-23 |y BK |z Catalogado en:20190322 |k ING | ||
| 952 | |0 0 |1 0 |2 ddc |4 0 |6 540_000000000000000_BRO_2014 |7 0 |8 A |9 588282 |a BIBCUR |b BIBCUR |d 2022-12-16 |e 3 |g 52058.00 |i 5656077 |l 9 |m 1 |o 540 BRO 2014 |p 5656077 |r 2025-04-22 |s 2025-03-31 |t 9 |v 52058.00 |w 2022-12-16 |y BK |k QUI | ||